000 00765nam a22001697a 4500
999 _c63412
_d63412
003 Ge_BSU
005 20251002211653.0
008 251002s1976 ge ||||| |||| 00| 0 geo d
041 _ageo
080 _a908(479.223-22) : 821.353.1-4 ჯ-27
100 _aჯაფარიძე, შოთა
_94625
245 _aორდენოსანი ხუცუბანი :
_b[ნარკვევი სოფ. ხუცუბანზე. ქობულეთის რ-ნი] /
_cშოთა ჯაფარიძე.
264 _aბათუმი :
_bსაბჭ. აჭარა,
_c1969.
300 _a103 გვ. :
_bცხრილ. 2 ფ. ილ. ;
_c16 სმ.
653 _aაჭარის სოფლები
942 _2udc
_cᲬᲘᲒᲜᲘ